000 01026nam a22003137a 4500
003 CHAP
005 20220329133645.0
008 971013s1986 r 00010 d
010 _a9112
011 _a10084
035 _a9321
040 _cCHAP
082 _a628.36
_bP4
100 0 0 _aPettygrave, G. Stuart
_eed.
_987704
245 _aIrrigation with reclaimed municipal wastewater
_b: a guidance manual
260 _aDavis, Ca. :
_bLewis,
_c1986
300 _ac.a. 455 p.
_e+ apénd
590 _aBATCH-UPD
_b10
_c20130110
_lUCH01
_h0207
590 _aBATCH-UPD
_b10
_c20130110
_lUCH01
_h1107
590 _aBATCH-UPD
_b10
_c20130409
_lUCH01
_h2220
590 _aBATCH-UPD
_b10
_c20130410
_lUCH01
_h1249
590 _aBATCH-UPD
_b10
_c20130914
_lUCH01
_h0102
590 _aCONVERSION
_b10
_c20130109
_lUCH01
_h1306
650 1 4 _aAguas residuales para irrigación.
_92591
650 1 4 _aIrrigación.
_960366
901 _aBK
942 _cLIBRO
949 _a628.36 P4
_bBC
_cLIBRO
_d33724000025482
_eLIBRO
_gI.151402
_h78008
_i9321
_si
_t144.05
999 _c9112
_d9112